"Hát, mondom, nem megyek el...
Elmentve itt :
| Szerző: | |
|---|---|
| Adatforrás: | Meister |
| Forrásdokumentuma: | Korunk. - 3 sz., 1990, 305-314 p. |
| Nyelv: | magyar |
| Kulcsszavak: | oral-history művelődéstörténet KÓS Károly |
| LEADER | 00385nab a2200145 i 4500 | ||
|---|---|---|---|
| 001 | bibPRO00001637 | ||
| 008 | 060524s1990 xx hun | ||
| 040 | |a Sz1 | ||
| 041 | |a hun | ||
| 100 | 1 | |a KÓS Károly | |
| 245 | 1 | 1 | |a "Hát, mondom, nem megyek el... |c KÓS Károly |
| 695 | |a oral-history | ||
| 695 | |a művelődéstörténet | ||
| 695 | |a KÓS Károly | ||
| 773 | 0 | |t Korunk. - |g 3 sz., 1990, 305-314 p. | |